000 00582nam a22001577a 4500
999 _c534601
_d534601
020 _qHard Cover.
082 _a620.5
100 _aShahzadi, Falak
245 _aLoading effects of graphene platelets on the microwave absorbing properties of co-precipitated nickel ferrite nano particles /
_cFalak Shahzadi.
260 _aIslamabad:
_bSCME - NUST,
_c2017.
300 _a61 p. :
_bill. ;
_c30cm.
942 _2ddc
_cTHE
650 _aNano Science and Engineering MS-Thesis.
_916438
700 _aDr. Iftikhar Hussain Gul
_916197